[Event "POL-chT3"]
[Site "Jastrzebia Gora POL"]
[Date "2015.??.??"]
[Round "5.49"]
[White "Brzezinski, Mateusz"]
[Black "Zochowski, Kacper"]
[Result "1-0"]
[WhiteElo "2125"]
[BlackElo "2230"]
[EventDate "2015.??.??"]
[WhiteTitle "I++"]
[BlackTitle "k"]

1.d4 Nf6 2.c4 e6 3.g3 Bb4+ 4.Bd2 Bxd2+ 5.Nxd2 d5 6.Bg2 O-O 7.e3 Nbd7 8.Ne2
c6 9.O-O b6 10.b4 a5 11.a3 Ba6 12.Nc3 Qe7 13.Qb3 dxc4 14.Nxc4 Nd5 15.e4 a4
16.Nxa4 b5 17.exd5 cxd5 18.Nc5 bxc4 19.Qe3 Nxc5 20.dxc5 Qb7 21.f4 g6 22.g4
Rfe8 23.Qd4 Rad8 24.Rfb1 Qd7 25.a4 Rb8 26.b5 Bxb5 27.axb5 Rxb5 28.Rxb5 
Qxb5 29.f5 Rc8 30.fxe6 fxe6 31.Bxd5 Qd7 32.Ra7 1-0

[Event "POL-chT3"]
[Site "Jastrzebia Gora POL"]
[Date "2015.??.??"]
[Round "5.50"]
[White "Smieszek, Wojciech"]
[Black "Wisniewski, Adam"]
[Result "0-1"]
[WhiteElo "2154"]
[BlackElo "1916"]
[EventDate "2015.??.??"]
[WhiteTitle "k"]
[BlackTitle "I+"]

1.e4 e6 2.d4 d5 3.Nc3 Bb4 4.e5 Ne7 5.a3 Bxc3+ 6.bxc3 c5 7.h4 Nbc6 8.h5 h6 
9.Qg4 Qc7 10.Rh3 Bd7 11.Rb1 O-O-O 12.Qxg7 cxd4 13.cxd4 Nxd4 14.c3 Ndf5 15.
Qf6 Rh7 16.g4 Ng8 17.Qxd8+ Kxd8 18.gxf5 Qxe5+ 19.Re3 Qc7 20.fxe6 Bxe6 21.
Ne2 Nf6 22.Nd4 a6 23.Rxe6 Qxc3+ 24.Bd2 Qxd4 25.Ba5+ Kd7 26.Reb6 Ng4 27.
Rxb7+ Ke6 28.R1b2 Kf5 29.R7b3 Kg5 30.f4+ Kxh5 31.Rh3+ Kg6 32.f5+ Kg5 33.
Bd2+ Kxf5 34.Bc3 Qe4+ 35.Be2 d4 36.Bd2 Ne5 37.Rb6 f6 38.Rbb3 Rg7 39.Rh5+ 
Ke6 40.Kd1 Rg1+ 41.Be1 d3 42.Rxe5+ Qxe5 43.Rxd3 Qa1+ 0-1

[Event "POL-chT3"]
[Site "Jastrzebia Gora POL"]
[Date "2015.??.??"]
[Round "5.51"]
[White "Mazalon, Mariusz"]
[Black "Borawski, Jakub"]
[Result "1-0"]
[WhiteElo "2040"]
[BlackElo "2020"]
[EventDate "2015.??.??"]
[WhiteTitle "k"]
[BlackTitle "I++"]

1.e4 e5 2.Nf3 Nc6 3.d4 exd4 4.c3 Nf6 5.e5 Ne4 6.Qe2 Nc5 7.cxd4 Ne6 8.d5 
Ncd4 9.Nxd4 Nxd4 10.Qe4 c5 11.Nc3 g6 12.Be3 Bg7 13.d6 O-O 14.Bc4 Rb8 15.
O-O b5 16.Bd5 Qa5 17.Bxd4 cxd4 18.Qxd4 b4 19.Ne4 Bb7 20.Bxb7 Rxb7 21.f4 
Qb6 22.Qxb6 Rxb6 23.Rac1 f6 24.Rc7 fxe5 25.fxe5 Rd8 26.Nf6+ Bxf6 27.Rxf6 
Rb5 28.e6 dxe6 29.Rxe6 Rd5 30.Ree7 R5xd6 31.Rg7+ Kf8 32.Rcf7+ Ke8 33.Re7+ 
Kf8 34.Ref7+ Ke8 35.Re7+ Kf8 36.Ref7+ Ke8 37.Rxa7 Rd1+ 38.Kf2 R1d2+ 39.Kg3
R8d3+ 40.Kh4 Kf8 41.Rxh7 Rd4+ 42.g4 Rxh2+ 43.Kg5 Rxh7 44.Rxh7 Rd2 45.Kxg6 
Rxb2 46.Ra7 b3 47.axb3 Rxb3 48.Ra8+ Ke7 49.g5 Rg3 50.Kh6 Kf7 51.Ra7+ Kf8 
52.Kg6 Rg1 53.Ra8+ Ke7 54.Rg8 Rg2 55.Kh7 Kf7 56.g6+ Kf6 57.Rf8+ Ke7 58.g7 
Rh2+ 59.Kg8 Rg2 60.Rf1 Re2 61.Rh1 1-0

[Event "POL-chT3"]
[Site "Jastrzebia Gora POL"]
[Date "2015.??.??"]
[Round "5.52"]
[White "Czaplewska, Klara"]
[Black "Stoppel, Mariusz"]
[Result "1-0"]
[WhiteElo "1914"]
[BlackElo "2034"]
[EventDate "2015.??.??"]
[WhiteTitle "I++"]
[BlackTitle "I+"]

1.e4 c5 2.Nf3 e6 3.d4 cxd4 4.Nxd4 Nc6 5.Nc3 Nf6 6.Ndb5 Bb4 7.a3 Bxc3+ 8.
Nxc3 d5 9.exd5 exd5 10.Bd3 O-O 11.O-O d4 12.Ne2 Qd5 13.Nf4 Qd6 14.Nh5 Ng4 
15.Bf4 Qc5 16.Ng3 Nf6 17.Re1 Bg4 18.f3 Be6 19.b4 Qb6 20.Kh1 Rfe8 21.b5 Na5
22.Be5 Bc4 23.Nf5 Qxb5 24.Nd6 Qa4 25.Nxe8 Rxe8 26.Bxf6 Rxe1+ 27.Qxe1 gxf6 
28.Qg3+ Kh8 29.Be4 Be6 30.Qh4 Kg7 31.Qxh7+ Kf8 32.Qh6+ Ke7 33.Qd2 f5 34.
Bd3 Nc6 35.Qg5+ f6 36.Qg7+ Bf7 37.Re1+ Ne5 38.f4 Qa5 39.Qg3 Qd2 40.fxe5 f4
41.Qh4 Kd7 42.exf6 Bd5 43.Re2 Bxg2+ 44.Kxg2 1-0

[Event "POL-chT3"]
[Site "Jastrzebia Gora POL"]
[Date "2015.??.??"]
[Round "5.53"]
[White "Wisniewski, Szymon"]
[Black "Dmochowska, Agnieszka"]
[Result "1-0"]
[WhiteElo "1847"]
[BlackElo "1973"]
[EventDate "2015.??.??"]
[WhiteTitle "I+"]
[BlackTitle "WCM"]

1.e4 c5 2.Nc3 d6 3.f4 g6 4.Nf3 Bg7 5.Bc4 Nc6 6.d3 e6 7.O-O Nge7 8.Qe1 O-O 
9.f5 gxf5 10.Qh4 fxe4 11.dxe4 Ng6 12.Qh5 f6 13.Bh6 Qe7 14.Rad1 Nce5 15.Be2
Bxh6 16.Qxh6 Bd7 17.Nh4 Nxh4 18.Qxh4 Rad8 19.Rf2 Kh8 20.Bh5 Be8 21.Bxe8 
Rdxe8 22.Nb5 Rd8 23.Nxa7 Ng6 24.Qg3 Qd7 25.Qb3 Ne5 26.Rfd2 c4 27.Qb5 Qc7 
28.Qb4 Ra8 29.Nb5 Qa5 30.a3 Qb6+ 31.Kh1 Ng4 32.Rf1 Qe3 33.Nxd6 Ra4 1-0

[Event "POL-chT3"]
[Site "Jastrzebia Gora POL"]
[Date "2015.??.??"]
[Round "5.54"]
[White "Burakowska, Gabriela"]
[Black "Mackiewicz, Anna"]
[Result "1/2-1/2"]
[WhiteElo "1783"]
[BlackElo "1955"]
[EventDate "2015.??.??"]
[WhiteTitle "I++"]
[BlackTitle "k+"]

1.d4 Nf6 2.c4 e6 3.Nf3 Bb4+ 4.Nbd2 b6 5.a3 Bxd2+ 6.Bxd2 Bb7 7.e3 c5 8.Be2 
O-O 9.O-O Ne4 10.Rc1 d5 11.b4 dxc4 12.bxc5 bxc5 13.Rxc4 Bd5 14.Rc1 Nd7 15.
dxc5 a5 16.c6 Ndc5 17.Bc4 Bxc6 18.Qe2 Qf6 19.Nd4 Ba4 20.f4 Rfd8 21.Qe1 
Nxd2 22.Qxd2 Ne4 23.Qe2 Rab8 24.Bd3 Nd6 25.Qh5 Nf5 26.Bxf5 exf5 27.Qe2 g6 
28.Rc5 Qe7 29.Re5 Qxa3 30.Rxa5 Qb4 31.Re5 Qc3 32.Qe1 Qd3 33.Qg3 Kh8 34.Qg5
Re8 35.Qf6+ Kg8 36.Nxf5 gxf5 37.Qg5+ Kh8 38.Qf6+ Kg8 39.Qg5+ Kh8 40.Qf6+ 
Kg8 41.Qg5+ 1/2-1/2

[Event "POL-chT3"]
[Site "Jastrzebia Gora POL"]
[Date "2015.??.??"]
[Round "5.55"]
[White "Niekras, Dawid"]
[Black "Szczepkowska-Horowska, Karina"]
[Result "1/2-1/2"]
[WhiteElo "2097"]
[BlackElo "2395"]
[EventDate "2015.??.??"]
[WhiteTitle "k"]
[BlackTitle "WGM"]

1.e4 g6 2.d4 Bg7 3.Nc3 c6 4.f4 d5 5.e5 Qb6 6.Nf3 Nh6 7.Na4 Qa5+ 8.c3 Nd7 
9.b4 Qc7 10.Be3 b5 11.Nc5 a5 12.a3 O-O 13.h3 axb4 14.axb4 Rxa1 15.Qxa1 
Nxc5 16.bxc5 Bf5 17.g4 Be4 18.Bg2 f5 19.g5 Nf7 20.O-O Qb7 21.Qb2 Ra8 22.
Ra1 Ra6 23.Bc1 Nd8 24.Nd2 Qa8 25.Rxa6 Qxa6 26.Bf1 Qa4 27.Qb3 Qa1 28.Qb2 
Qa4 29.Qb3 Qa1 30.Qb2 Qa4 31.Qb3 Qa1 32.Qb2 Qa4 33.Qb3 1/2-1/2

[Event "POL-chT3"]
[Site "Jastrzebia Gora POL"]
[Date "2015.??.??"]
[Round "5.56"]
[White "Tomaszewski, Kacper"]
[Black "Bajerlein, Dawid"]
[Result "1-0"]
[WhiteElo "2278"]
[BlackElo "2060"]
[EventDate "2015.??.??"]
[WhiteTitle "k"]
[BlackTitle "k"]

1.d4 d5 2.c4 dxc4 3.e4 e5 4.Nf3 exd4 5.Bxc4 Nc6 6.O-O Be6 7.Bb5 Bc5 8.b4 
Bb6 9.a4 a6 10.Bxc6+ bxc6 11.a5 Ba7 12.Bb2 Nf6 13.Nbd2 O-O 14.Rc1 Qe7 15.
Rxc6 Nxe4 16.Nxe4 Bd5 17.Rc5 Bxe4 18.Qxd4 f5 19.Qc4+ Rf7 20.Re5 Qd8 21.
Rxe4 fxe4 22.Ne5 Qe7 23.Nxf7 Qxf7 24.Qxf7+ Kxf7 25.Rd1 Ke6 26.Bxg7 Rb8 27.
Rb1 c5 28.Bc3 Kd5 29.Be1 cxb4 30.Rxb4 Rxb4 31.Bxb4 Kc4 32.Bd6 e3 33.fxe3 
Bxe3+ 34.Kf1 Kd3 35.Bc7 Bd4 36.g3 Ke4 37.Kg2 h5 38.Kh3 Kf5 39.Bb6 Bf6 40.
Bc7 Be7 41.Bb6 Bf6 42.Kg2 h4 43.Kf3 hxg3 44.hxg3 Ke5 45.Bc7+ Kd5 46.Kf4 
Bc3 47.Kf5 Be1 48.g4 Bd2 49.Bd8 Kd6 50.Kf6 Bc3+ 51.Kf7 Bd2 52.Ke8 Kc6 53.
Bb6 Bg5 54.Kf7 Kd6 55.Bd4 Bd2 56.Bf6 Kd7 57.Be7 Be3 58.Bb4 Bf4 59.Kf6 Be3 
60.Ke5 Kc6 61.Ke6 Bf4 62.Bc3 Be3 63.Kf5 Kd5 64.Be1 Bc1 65.Bg3 Bd2 66.Be5 
Bxa5 67.g5 Bd2 68.g6 Bh6 69.Kf6 Ke4 70.Bc3 Bf8 71.Kf7 Kf5 72.Bd2 a5 73.
Bxa5 Bh6 74.Bd2 Bxd2 75.g7 Bc3 76.g8=Q 1-0

[Event "POL-chT3"]
[Site "Jastrzebia Gora POL"]
[Date "2015.??.??"]
[Round "5.57"]
[White "Bernat, Marcin"]
[Black "Matuszczyk, Przemyslaw"]
[Result "0-1"]
[WhiteElo "2105"]
[BlackElo "2086"]
[EventDate "2015.??.??"]
[WhiteTitle "k"]
[BlackTitle "I++"]

1.d4 d5 2.c4 c6 3.Nc3 Nf6 4.e3 e6 5.Nf3 Nbd7 6.Bd3 dxc4 7.Bxc4 b5 8.Bd3 a6
9.a4 b4 10.Ne4 c5 11.Nxf6+ Nxf6 12.e4 Bb7 13.e5 Nd7 14.O-O cxd4 15.Re1 Bc5
16.Ng5 Qe7 17.Bf4 h6 18.Qh5 g6 19.Bxg6 hxg5 20.Qxh8+ Nf8 21.Bxf7+ Kd7 22.
Bxg5 Qxg5 23.Qh3 Qf4 24.Bh5 Nh7 25.Be8+ Rxe8 26.Qxh7+ Re7 27.Qg6 Rf7 28.
Re2 Bd5 29.Qd3 Qg4 30.g3 Bf3 31.Rd2 Qh3 32.Qf1 Qh5 33.Re1 Bd5 34.h4 Qf3 
35.Qh3 d3 36.Rf1 b3 37.h5 Rh7 38.h6 0-1

[Event "POL-chT3"]
[Site "Jastrzebia Gora POL"]
[Date "2015.??.??"]
[Round "5.58"]
[White "Smolka, Marcin"]
[Black "Rozumek, Krzysztof"]
[Result "1-0"]
[WhiteElo "2070"]
[BlackElo "1936"]
[EventDate "2015.??.??"]
[WhiteTitle "k"]
[BlackTitle "I++"]

1.Nf3 d5 2.d4 c6 3.c4 Nf6 4.Nc3 e6 5.e3 Nbd7 6.Bd3 Bd6 7.O-O O-O 8.b3 Re8 
9.Bb2 b6 10.e4 dxe4 11.Nxe4 Nxe4 12.Bxe4 Bb7 13.Bc2 e5 14.dxe5 Nxe5 15.
Nxe5 Bxe5 16.Bxh7+ Kxh7 17.Qh5+ Kg8 18.Bxe5 Re6 19.Bg3 c5 20.Rfe1 Qd7 21.
Rxe6 Qxe6 22.Rd1 Re8 23.f3 Bc6 24.Qg5 f6 25.Qf4 Qf7 26.Kf1 Qg6 27.Qd2 Qf5 
28.Qd3 Qc8 29.h4 Qb7 30.Qd6 Bxf3 31.gxf3 Qxf3+ 32.Kg1 Re3 33.Qd5+ Qxd5 34.
cxd5 Rxg3+ 35.Kf2 1-0

[Event "POL-chT3"]
[Site "Jastrzebia Gora POL"]
[Date "2015.??.??"]
[Round "5.59"]
[White "Glatty, Zbigniew"]
[Black "Wolynski, Krzysztof"]
[Result "0-1"]
[WhiteElo "1908"]
[BlackElo "2061"]
[EventDate "2015.??.??"]
[WhiteTitle "I"]
[BlackTitle "I+"]

1.e4 c6 2.d4 d5 3.Nc3 dxe4 4.Nxe4 Bf5 5.Ng3 Bg6 6.h4 h6 7.Nf3 Nd7 8.h5 Bh7
9.Bd3 Bxd3 10.Qxd3 e6 11.Bf4 Qa5+ 12.Bd2 Bb4 13.c3 Be7 14.Ne4 Ngf6 15.c4 
Qc7 16.Qe2 Nxe4 17.Qxe4 Nf6 18.Qe2 Rd8 19.g3 O-O 20.Bc3 a6 21.Ne5 b5 22.b3
c5 23.dxc5 Bxc5 24.Ng4 Nxg4 25.Qxg4 e5 26.O-O Rd3 27.Rac1 b4 28.Ba1 f5 29.
Qh4 f4 30.Kg2 fxg3 31.Qe4 Qd7 32.Bxe5 gxf2 33.Bg3 Re8 34.Qh4 Qc6+ 35.Kh2 
Re4 36.Qh3 Rxg3 0-1

[Event "POL-chT3"]
[Site "Jastrzebia Gora POL"]
[Date "2015.??.??"]
[Round "5.60"]
[White "Dziodzio, Angelika"]
[Black "Debowiak, Arleta"]
[Result "1-0"]
[WhiteElo "2095"]
[BlackElo "1854"]
[EventDate "2015.??.??"]
[WhiteTitle "k"]
[BlackTitle "k"]

1.e4 c5 2.Nf3 d6 3.d4 cxd4 4.Nxd4 Nf6 5.Nc3 a6 6.Be2 e5 7.Nb3 Be6 8.O-O 
Be7 9.Bf3 O-O 10.Re1 b5 11.a4 b4 12.Nd5 Bxd5 13.exd5 a5 14.Bd2 Qb6 15.c3 
Na6 16.Be3 Qd8 17.Rc1 bxc3 18.bxc3 Nd7 19.Be2 Qc7 20.f4 exf4 21.Bxf4 Bf6 
22.Nd4 Be5 23.Be3 Nac5 24.Bb5 Qd8 25.Rf1 Qh4 26.Nf3 Qh5 27.Bd4 Bf4 28.Rc2 
Qxd5 29.Nh4 Qg5 30.Nf3 Qh5 31.g3 Bg5 32.Re2 Bf6 33.Bxf6 Nxf6 34.Qxd6 Ne6 
35.Re5 Qg4 36.Qd2 Rad8 37.Qg2 Nd5 38.h3 Qg6 39.Nh4 Qh6 40.Nf5 Qg5 41.Rxd5 
Rxd5 42.Qxd5 g6 43.h4 1-0

[Event "POL-chT3"]
[Site "Jastrzebia Gora POL"]
[Date "2015.??.??"]
[Round "5.61"]
[White "Walter, Szymon"]
[Black "Kumala, Aleksander"]
[Result "1/2-1/2"]
[WhiteElo "2214"]
[BlackElo "2102"]
[EventDate "2015.??.??"]
[WhiteTitle "k"]
[BlackTitle "I++"]

1.e4 e5 2.Nf3 Nc6 3.Bb5 f5 4.Nc3 fxe4 5.Nxe4 Nf6 6.Nxf6+ Qxf6 7.Qe2 Be7 8.
Bxc6 dxc6 9.Nxe5 Bf5 10.O-O O-O-O 11.d3 g5 12.Bd2 h5 13.Bc3 Rh7 14.Qe3 b6 
15.f4 g4 16.b4 g3 17.h3 Qe6 18.Qf3 Rd5 19.Rae1 h4 20.a3 Kb7 21.Bb2 b5 22.
Re2 a6 23.Rc1 Qh6 24.c4 Rd6 25.Rec2 Be6 26.cxb5 Bd5 27.bxc6+ Ka8 28.Qe3 
Rf6 29.Rf1 Rf8 30.Bc1 Rd8 31.Rc3 Qf6 32.Bb2 Qf5 33.Rc2 Rh6 34.Bd4 Re6 35.
Bc5 Bf6 36.Bd4 Be7 37.Bc5 Bf6 38.Bd4 Be7 1/2-1/2

[Event "POL-chT3"]
[Site "Jastrzebia Gora POL"]
[Date "2015.??.??"]
[Round "5.62"]
[White "Reza, Wojciech"]
[Black "Zylka, Stanislaw"]
[Result "1-0"]
[WhiteElo "2272"]
[BlackElo "2213"]
[EventDate "2015.??.??"]
[WhiteTitle "k+"]
[BlackTitle "k"]

1.d4 Nf6 2.c4 c5 3.d5 e6 4.Nc3 exd5 5.cxd5 d6 6.e4 g6 7.f4 Bg7 8.Bb5+ Nfd7
9.a4 O-O 10.Nf3 Na6 11.O-O Nb4 12.Re1 a6 13.Bf1 Re8 14.Qb3 Nf6 15.h3 b6 
16.Bc4 Nd7 17.Be3 Ra7 18.Bf2 Bh6 19.Bg3 Nf8 20.Rad1 Bd7 21.e5 Bf5 22.Re2 
Rb7 23.Bh4 Qb8 24.g4 Bc2 25.Rxc2 Nxc2 26.Qxc2 b5 27.axb5 Bxf4 28.Ne4 Nd7 
29.e6 Ne5 30.Nf6+ Kh8 31.Nxe5 Bxe5 32.Nd7 Qc8 33.Nxe5 dxe5 34.bxa6 Ra7 35.
Bf6+ Kg8 36.Qd2 fxe6 37.dxe6 1-0

[Event "POL-chT3"]
[Site "Jastrzebia Gora POL"]
[Date "2015.??.??"]
[Round "5.63"]
[White "Kastelik, Adrian"]
[Black "Puczylowski, Marcin"]
[Result "0-1"]
[WhiteElo "2135"]
[BlackElo "2119"]
[EventDate "2015.??.??"]
[WhiteTitle "I++"]
[BlackTitle "k"]

1.d4 e6 2.e4 d5 3.e5 c5 4.Qg4 Nc6 5.Nf3 Qa5+ 6.Bd2 Qb6 7.b3 cxd4 8.Bd3 h5 
9.Qf4 g6 10.O-O Nh6 11.c3 dxc3 12.Nxc3 Nf5 13.Bxf5 gxf5 14.Qg5 a6 15.Rfe1 
Qd8 16.Qg3 h4 17.Qg5 Qxg5 18.Nxg5 Bd7 19.Na4 Nb4 20.Nb6 Rd8 21.a3 Nc2 22.
Rac1 Nxe1 23.Nxd7 Kxd7 24.Nxf7 Nf3+ 25.gxf3 Rg8+ 26.Kf1 Rc8 27.Rxc8 Kxc8 
28.b4 Be7 29.f4 Kd7 30.Ng5 Rc8 31.Nf3 Rc2 32.Ke1 Ra2 33.Bc1 Bd8 34.Ng1 Bb6
35.Ne2 d4 36.Ng1 d3 37.Nh3 Bd4 38.Kd1 Bxf2 0-1

[Event "POL-chT3"]
[Site "Jastrzebia Gora POL"]
[Date "2015.??.??"]
[Round "5.64"]
[White "Zurkowski, Andrzej"]
[Black "Dzierzak, Radoslaw"]
[Result "1/2-1/2"]
[WhiteElo "2086"]
[BlackElo "2168"]
[EventDate "2015.??.??"]
[WhiteTitle "k+"]
[BlackTitle "I++"]

1.d4 Nf6 2.Nf3 d5 3.b3 Bf5 4.e3 e6 5.Bd3 Bxd3 6.cxd3 Be7 7.O-O O-O 8.Nbd2 
Na6 9.Bb2 c5 10.dxc5 Nxc5 11.Qe2 Qb6 12.Ne5 Qa6 13.f4 Nfe4 14.Nxe4 dxe4 
15.Qg4 f6 16.d4 Nd3 17.Nxd3 exd3 18.Rf2 Rac8 19.f5 Rc2 20.Rxc2 dxc2 21.Qe4
Rc8 22.Rc1 Qc6 23.Qxe6+ Qxe6 24.fxe6 Bb4 25.Rf1 Kf8 26.Kf2 Ke7 27.Ke2 Kxe6
28.Kd3 f5 29.Rc1 Kd5 30.h3 g6 31.g4 a6 32.gxf5 gxf5 33.Rf1 Ke6 34.Rg1 b5 
35.Rc1 Kd5 36.a3 Be7 37.Rf1 Ke6 38.Rg1 Rc7 39.Bc1 Bf8 40.Rg2 Kd5 41.Rf2 
Ke6 42.Rxc2 Rxc2 43.Kxc2 Kd5 44.Kd3 Be7 45.a4 Bf8 46.Bd2 Be7 47.Ba5 Bf8 
48.Bb6 Be7 49.axb5 axb5 50.Bc7 Bf8 51.Bd8 Bd6 52.Bg5 Bf8 53.Bf4 Bb4 54.Ke2
Ke4 55.Kf2 Bc3 56.Bg5 Bb4 57.Bh6 Bd2 58.Bf4 Bb4 59.Kg3 Be1+ 60.Kg2 Bc3 61.
Bg5 Bd2 62.Kf2 Bb4 63.Ke2 Bc3 64.Kd1 Bb4 65.Kc2 Be1 66.Bf4 Bb4 67.Kb2 Be1 
68.Ka3 Bc3 69.Bh6 Be1 70.Bg5 Bc3 71.Bh6 Ba5 72.h4 Bc3 73.h5 Ba5 74.Bg5 Bc3
75.Be7 Bd2 76.Bg5 Ba5 77.Bf4 Be1 78.Bh6 Bc3 79.Bg5 Kd5 80.Bf4 Kc6 81.Bg5 
Be1 82.Kb2 Kd5 83.Ka3 Ke4 84.Bf4 Bd2 85.d5 Ba5 86.d6 Kd5 87.h6 Kc6 88.Be5 
Bb6 89.Bf4 Bc5+ 90.Kb2 Bxd6 91.Kc3 Bc5 92.Kd3 Kd5 93.Bg5 Bd6 94.Bf6 Bf8 
95.Bg5 Ke5 96.Bf4+ Kf6 97.e4 Kg6 98.exf5+ Kxf5 99.Bd2 Kg6 100.Kd4 Bxh6 
101.Be1 Bf8 102.b4 Kf5 103.Kd5 Kg4 104.Kc6 h5 105.Kxb5 Bd6 106.Kc6 h4 107.
Bxh4 Bxb4 1/2-1/2

[Event "POL-chT3"]
[Site "Jastrzebia Gora POL"]
[Date "2015.??.??"]
[Round "5.65"]
[White "Faron, Rafal"]
[Black "Kanarkiewicz, Michal"]
[Result "1-0"]
[WhiteElo "2033"]
[BlackElo "2077"]
[EventDate "2015.??.??"]
[WhiteTitle "I++"]
[BlackTitle "k"]

1.d4 g6 2.c4 Bg7 3.e4 d6 4.Nc3 a6 5.Be3 c6 6.c5 b5 7.cxb6 Qxb6 8.Qd2 Nd7 
9.f3 Rb8 10.Rb1 Qa5 11.Bd3 c5 12.Nge2 Ngf6 13.O-O O-O 14.Rfd1 Re8 15.a3 
cxd4 16.Nxd4 Bb7 17.b4 Qc7 18.Rbc1 Rec8 19.Nb3 Ne5 20.Na4 Qd8 21.Na5 Rxc1 
22.Rxc1 Qe8 23.Nb6 Nfd7 24.Nxb7 Nxb6 25.Bxb6 Nxd3 26.Qxd3 Rxb7 27.Qxa6 Qb8
28.Be3 h6 29.b5 Rc7 30.Rc6 d5 31.exd5 Rxc6 32.Qxc6 Qe5 33.Qc5 Qa1+ 34.Qc1 
Qa2 35.b6 Qxd5 36.Qc8+ Kh7 37.b7 Qd3 38.Ba7 Be5 39.g3 Qd1+ 40.Kg2 Qe2+ 41.
Bf2 Bd4 42.b8=Q Qxf2+ 43.Kh3 Qf1+ 44.Kh4 Bf6+ 45.Kg4 h5+ 46.Kf4 g5+ 47.Ke4
Qe2+ 48.Kd5 Qxf3+ 49.Kc4 Qf1+ 50.Kb3 Qb1+ 51.Ka4 Qd1+ 52.Qb3 Qd4+ 53.Qbc4 
1-0

[Event "POL-chT3"]
[Site "Jastrzebia Gora POL"]
[Date "2015.??.??"]
[Round "5.66"]
[White "Kasperek, Joanna"]
[Black "Binkowska, Agata"]
[Result "1/2-1/2"]
[WhiteElo "2051"]
[BlackElo "1553"]
[EventDate "2015.??.??"]
[WhiteTitle "k++"]
[BlackTitle "I++"]

1.e4 e6 2.d4 d5 3.Nc3 Nf6 4.e5 Nfd7 5.f4 c5 6.Nf3 Nc6 7.Bb5 Qb6 8.dxc5 
Bxc5 9.Qe2 a6 10.Ba4 Qa7 11.Bd2 b5 12.Bb3 Nb6 13.Nxb5 axb5 14.Qxb5 Na4 15.
Qxc6+ Bd7 16.Bxa4 Bxc6 17.Bxc6+ Ke7 18.Bxa8 Rxa8 19.Rf1 Rb8 20.b3 Qa3 21.
Ke2 Qa6+ 22.Ke1 Ba3 23.Kf2 Rc8 24.c4 dxc4 25.bxc4 Rxc4 26.Kg3 Bb2 27.Rad1 
Qa3 28.Rfe1 f5 29.Re3 Qxa2 30.Rd3 Qa4 31.Be3 h6 32.h4 Rc7 33.R1d2 Bc1 34.
Rd4 Qe8 35.R2d3 Bxe3 36.Rxe3 Qg6+ 37.Kh2 Qg4 38.Re2 Kf7 39.Red2 Re7 40.
R2d3 Qh5 41.Rd8 Qg4 42.R8d4 Kg6 43.g3 Kf7 44.Kg2 Rc7 45.Rd7+ Rxd7 46.Rxd7+
Ke8 47.Ra7 g5 48.hxg5 hxg5 49.Rg7 Qh5 50.Rxg5 Qh7 51.g4 fxg4 52.Rxg4 Qe4 
53.Kg3 Qd3 54.Rg7 Kf8 55.Rg4 Ke7 56.Rg7+ Kf8 57.Rg4 1/2-1/2

[Event "POL-chT3"]
[Site "Jastrzebia Gora POL"]
[Date "2015.??.??"]
[Round "5.67"]
[White "Rozycki, Bartlomiej"]
[Black "Snihur, Piotr"]
[Result "1/2-1/2"]
[WhiteElo "2167"]
[BlackElo "2246"]
[EventDate "2015.??.??"]
[WhiteTitle "k++"]
[BlackTitle "k"]

1.d4 Nf6 2.c4 e6 3.Nc3 Bb4 4.Nf3 O-O 5.Bg5 d5 6.e3 h6 7.Bh4 c5 8.Qc2 cxd4 
9.exd4 Nc6 10.a3 Qa5 11.Bxf6 gxf6 12.cxd5 Bxc3+ 13.bxc3 Qxd5 14.Bd3 b6 15.
Be4 Qd6 16.O-O Bb7 17.Rfd1 f5 18.Bxc6 Bxc6 19.d5 Bxd5 20.Qd2 Qc5 21.Qxh6 
Qxc3 22.Nd4 Rfd8 23.Rac1 Qxa3 24.Qg5+ Kf8 25.Nxe6+ Bxe6 26.Rxd8+ Rxd8 27.
Qxd8+ Kg7 28.Qd4+ Kh7 29.Ra1 Qb3 30.h4 a5 31.h5 Qb4 32.Qf6 Qg4 33.Ra3 f4 
34.Rd3 Qf5 35.Qxf5+ Bxf5 36.Rd6 b5 37.Rd5 Bc2 38.Rxb5 a4 39.Ra5 Kh6 40.Kh2
f5 41.Rc5 Bb1 42.Rc4 a3 43.Rxf4 Be4 44.f3 a2 45.fxe4 a1=Q 46.exf5 Qe5 47.
g3 Qf6 48.Kg2 Kxh5 49.Kh2 Kg5 50.Kg2 Qc6+ 51.Kg1 Qc1+ 52.Kg2 Qd2+ 53.Kg1 
Qe1+ 54.Kg2 Qe2+ 55.Kg1 Kf6 56.Kh1 Qd2 1/2-1/2

[Event "POL-chT3"]
[Site "Jastrzebia Gora POL"]
[Date "2015.??.??"]
[Round "5.68"]
[White "Szadkowski, Kamil"]
[Black "Chylewski, Patryk"]
[Result "0-1"]
[WhiteElo "2216"]
[BlackElo "2027"]
[EventDate "2015.??.??"]
[WhiteTitle "k+"]
[BlackTitle "k"]

1.e4 c5 2.Nf3 d6 3.d4 cxd4 4.Nxd4 Nf6 5.Nc3 a6 6.h3 e6 7.g4 Nfd7 8.Bg2 Qc7
9.O-O Nc6 10.a4 Be7 11.Nde2 Rb8 12.f4 b5 13.axb5 axb5 14.Be3 b4 15.Nb1 O-O
16.Nd2 Nb6 17.Qe1 Rd8 18.Qf2 d5 19.Kh1 dxe4 20.Nxe4 Nc4 21.Bc1 b3 22.cxb3 
Rxb3 23.Nc5 Rb5 24.Na4 Bf6 25.g5 Bd4 26.Nxd4 Nxd4 27.Nc3 Rb8 28.Rd1 Nb3 
29.Ra7 Rxd1+ 30.Nxd1 Qd6 31.Qc2 Qb4 32.Kh2 g6 33.Bf1 Ncd2 34.Bxd2 Nxd2 35.
Qc7 Nxf1+ 36.Kg1 Bd7 37.Kxf1 Bb5+ 38.Kg2 Qe4+ 39.Kg3 Qe1+ 40.Kh2 Qe2+ 41.
Kg3 Qe1+ 42.Kh2 Rf8 43.Qc2 Rd8 44.Nf2 Qe3 45.Rc7 Rd2 46.Rc8+ Kg7 47.Qc3+ 
Qxc3 48.bxc3 Rxf2+ 49.Kg3 Rc2 50.Rc7 Bd3 51.h4 Be4 52.c4 Rc3+ 0-1

[Event "POL-chT3"]
[Site "Jastrzebia Gora POL"]
[Date "2015.??.??"]
[Round "5.69"]
[White "Praczukowski, Stanislaw"]
[Black "Szadkowski, Krzysztof"]
[Result "1-0"]
[WhiteElo "2028"]
[BlackElo "2107"]
[EventDate "2015.??.??"]
[WhiteTitle "I++"]
[BlackTitle "k"]

1.e4 Nf6 2.e5 Nd5 3.d4 d6 4.Nf3 Bg4 5.Be2 e6 6.O-O Be7 7.c4 Nb6 8.Nc3 O-O 
9.Be3 Nc6 10.exd6 cxd6 11.d5 Bxf3 12.Bxf3 Ne5 13.dxe6 Nxf3+ 14.Qxf3 fxe6 
15.Qg4 Rf6 16.Rad1 Qc7 17.b3 Rg6 18.Nb5 Qc6 19.Qh3 Rf8 20.Nxa7 Qe4 21.Bxb6
Rf5 22.g3 h5 23.Nc8 Kf7 24.Qg2 Rf3 25.Nxe7 Kxe7 26.Rfe1 Qf5 27.Re3 Rxe3 
28.Qxb7+ Kf8 29.Bxe3 h4 30.Qc8+ Kf7 31.Qd7+ Kg8 32.Qd8+ 1-0

[Event "POL-chT3"]
[Site "Jastrzebia Gora POL"]
[Date "2015.??.??"]
[Round "5.70"]
[White "Kwiatkowski, Wiktor"]
[Black "Kokoszczynski, Jan"]
[Result "0-1"]
[WhiteElo "1941"]
[BlackElo "1873"]
[EventDate "2015.??.??"]
[WhiteTitle "I"]
[BlackTitle "I++"]

1.e4 e6 2.Nf3 d5 3.Nc3 Nf6 4.e5 Ne4 5.Ne2 Ng5 6.Nxg5 Qxg5 7.d4 Qd8 8.f4 c5
9.Be3 Qb6 10.dxc5 Qxb2 11.a3 Nd7 12.Bd4 Qb5 13.Nc3 Qa5 14.Bb5 Bxc5 15.Qd2 
Bxd4 16.Qxd4 a6 17.Be2 b6 18.O-O Qc5 19.Rfd1 Bb7 20.Na4 Qxd4+ 21.Rxd4 Bc6 
22.Nb2 Nc5 23.Rb1 b5 24.a4 bxa4 25.Nd3 Ne4 26.Rxe4 dxe4 27.Nc5 O-O 28.Nxa6
Rfd8 29.Kf2 Rd2 30.Ke3 Rxc2 31.Nb4 Rc5 32.Kd4 Rd5+ 33.Nxd5 Bxd5 34.Bd1 a3 
35.Bc2 a2 36.Ra1 Kf8 37.g4 Rc8 38.Bxe4 Rc4+ 39.Kd3 Rxe4 40.Rxa2 Rxf4 0-1

[Event "POL-chT3"]
[Site "Jastrzebia Gora POL"]
[Date "2015.??.??"]
[Round "5.71"]
[White "Wisniewski, Jacek"]
[Black "Matlewski, Adam"]
[Result "1/2-1/2"]
[WhiteElo "1736"]
[BlackElo "1802"]
[EventDate "2015.??.??"]
[WhiteTitle "I"]
[BlackTitle "I"]

1.e4 c6 2.d4 d5 3.e5 Bf5 4.Nc3 e6 5.g4 Bg6 6.Nge2 Be7 7.Nf4 Bg5 8.Be3 Bxf4
9.Bxf4 h5 10.h4 Nd7 11.Bd3 Bxd3 12.Qxd3 hxg4 13.Qg3 g5 14.Qxg4 gxf4 15.Qg7
Rxh4 16.Qxg8+ Nf8 17.O-O-O Qe7 18.Ne2 Rxh1 19.Rxh1 O-O-O 20.Nxf4 Nd7 21.
Qg7 c5 22.dxc5 Nxc5 23.Rh7 Rd7 24.Nh3 Ne4 25.f3 Qb4 26.Qg1 Qd2+ 27.Kb1 b6 
28.fxe4 dxe4 29.a3 e3 30.Nf4 e2 31.Nxe2 Qxe2 32.Qg8+ Rd8 33.Qg3 Qf1+ 34.
Ka2 Kb7 35.Rh4 Rd1 36.a4 Qe2 37.Qc3 Rd5 38.Rf4 Qh5 39.Qf3 Qxf3 40.Rxf3 Kc6
41.b4 Rxe5 42.b5+ Kc5 43.Rxf7 Kb4 44.Rxa7 Re3 45.Kb2 e5 46.Rb7 Kxa4 47.
Rxb6 Re4 1/2-1/2

[Event "POL-chT3"]
[Site "Jastrzebia Gora POL"]
[Date "2015.??.??"]
[Round "5.72"]
[White "Miturova, Magdalena"]
[Black "Olechnicka, Karolina"]
[Result "1-0"]
[WhiteElo "2173"]
[BlackElo "1747"]
[EventDate "2015.??.??"]
[WhiteTitle "WFM"]
[BlackTitle "k++"]

1.e4 c5 2.Nf3 d6 3.d4 cxd4 4.Nxd4 Nf6 5.Nc3 a6 6.Bc4 e6 7.Bb3 b5 8.O-O Be7
9.Re1 Qc7 10.f4 Nc6 11.Nxc6 Qxc6 12.e5 Bb7 13.Qe2 dxe5 14.fxe5 Nd7 15.Bf4 
Bc5+ 16.Kh1 Bd4 17.Rad1 Bxe5 18.Bxe5 Nxe5 19.Bd5 exd5 20.Qxe5+ Kf8 21.Qe7+
Kg8 22.Ne4 Rf8 23.Nd6 Bc8 24.Rxd5 h6 25.Rd3 Be6 26.Rg3 Kh7 27.Rxe6 1-0

[Event "POL-chT3"]
[Site "Jastrzebia Gora POL"]
[Date "2015.??.??"]
[Round "5.73"]
[White "Banasik, Krzysztof"]
[Black "Gierulski, Kamil"]
[Result "1-0"]
[WhiteElo "2220"]
[BlackElo "2145"]
[EventDate "2015.??.??"]
[WhiteTitle "k"]
[BlackTitle "k"]

1.e4 c6 2.d4 d5 3.Nc3 dxe4 4.Nxe4 Bf5 5.Ng3 Bg6 6.h4 h6 7.Nf3 Nd7 8.h5 Bh7
9.Bd3 Bxd3 10.Qxd3 e6 11.Bf4 Qa5+ 12.Bd2 Bb4 13.c3 Be7 14.c4 Qc7 15.O-O-O 
Ngf6 16.Ne4 O-O 17.Kb1 Rad8 18.Bc3 b5 19.Nxf6+ Nxf6 20.g4 Nxg4 21.Qe2 Qf4 
22.Ka1 Qf5 23.Rdg1 b4 24.Bd2 Kh8 25.Nh4 Bxh4 26.Rxh4 Nf6 27.Bxb4 Rfe8 28.
Bc3 Re7 29.a3 Red7 30.Qe3 Re8 31.Rf4 Qxh5 32.Rxf6 gxf6 33.Qf4 Rg8 34.Qxf6+
Kh7 35.Rxg8 Kxg8 36.d5 e5 37.Bxe5 Kf8 38.Qh8+ Ke7 39.Bf6+ Kd6 40.Qb8+ 1-0